Finance special (Record no. 74093)

MARC details
000 -LEADER
fixed length control field 01326cab a2200205 4500
001 - CONTROL NUMBER
control field ##ABS67435
008 - FIXED-LENGTH DATA ELEMENTS--GENERAL INFORMATION
fixed length control field 040203n2004 000 0 eng u
035 ## - SYSTEM CONTROL NUMBER
System control number (Sirsi) u124982
041 0# - LANGUAGE CODE
Language code of text/sound track or separate title eng
245 1# - TITLE STATEMENT
Title Finance special
Remainder of title REITS
260 ## - PUBLICATION, DISTRIBUTION, ETC.
Date of publication, distribution, etc. 2004
490 #0 - SERIES STATEMENT
Series statement Estates Gazette
Volume/sequential designation (0402) 10 January 2004,47-53(7)
520 ## - SUMMARY, ETC.
Summary, etc. Finance special examining REITs, following the government's commitment to public consultation on REITs in its December pre-budget report. Articles cover the development of REITS, their benefits and likely structure, the US REIT and French SIIC model, the views of Helical Bar and Pillar on the implications of UK REITs for the future of their businesses. "Treasury eyes take from shower of gold" suggests that the economic case for REITs is based on the vast equity inflow to property following on their introduction, with the opportunity for government to increase the tax take from property through the rapid expansion of the sector. Provides a table giving the estimated effect of the introduction of UK REITS on 10 major property companies. UK REITs may be announced in the 2005 budget.
590 ## - LOCAL NOTE (RLIN)
Local note ABS
651 #4 - SUBJECT ADDED ENTRY--GEOGRAPHIC NAME
Geographic name UNITED STATES
651 #4 - SUBJECT ADDED ENTRY--GEOGRAPHIC NAME
Geographic name FRANCE
651 #4 - SUBJECT ADDED ENTRY--GEOGRAPHIC NAME
Geographic name United Kingdom
Chronological subdivision
690 ## - LOCAL SUBJECT ADDED ENTRY--TOPICAL TERM (OCLC, RLIN)
Topical term or geographic name as entry element PROPERTY-PROPERTY FINANCE AND INVESTMENT-REAL ESTATE INVESTMENT TRUSTS
942 ## - ADDED ENTRY ELEMENTS (KOHA)
Suppress in OPAC 0
Holdings
Withdrawn status Lost status Source of classification or shelving scheme Damaged status Not for loan Home library Current library Shelving location Date acquired Total Checkouts Full call number Barcode Date last seen Copy number Price effective from Koha item type
    Dewey Decimal Classification     London London Journal article 03/02/2004   ABS67435 124982-1001 06/08/2019 1 06/08/2019 Journal article